header

Emotion management in the workplace (Record no. 206438)

MARC details
000 -LEADER
fixed length control field 01448nam a22003734a 4500
082 04 - DEWEY DECIMAL CLASSIFICATION NUMBER
Classification number 658.3/14
100 1# - MAIN ENTRY--AUTHOR NAME
Personal name Bolton, Sharon C.,
245 10 - TITLE STATEMENT
Title Emotion management in the workplace
260 ## - PUBLICATION, DISTRIBUTION, ETC. (IMPRINT)
Place of publication Houndmills, Basingstoke, Hampshire ;
-- New York :
Name of publisher Palgrave Macmillan,
Year of publication 2005.
300 ## - PHYSICAL DESCRIPTION
Number of Pages x, 190 p.
490 1# - SERIES STATEMENT
Series statement Management, work and organisations
650 #0 - SUBJECT ADDED ENTRY--TOPICAL TERM
Topical Term Organizational behavior.
Topical Term Emotions.
Topical Term Employee motivation.
Topical Term Work
Topical Term Organizational sociology.
Topical Term Industrial management.
856 40 - ELECTRONIC LOCATION AND ACCESS
Uniform Resource Identifier http://site.ebrary.com/lib/rucke/Doc?id=10103780

No items available.

© 2026 Rongo University
Contact us: librarian | system librarian | Rongo university